Gaming Quiz

Random Gaming or Board Games Quiz
Score 0/20 Timer 06:00
3 Plays Today
% Correct
The Simpsons
99.5%
Batman
97.8%
Salt and Pepper
96.1%
Alice in Wonderland
94.7%
Super Mario
94.6%
Star Wars
94.6%
Lord of the Rings
93.1%
Hello Kitty
92.6%
Pirate
91.5%
Muppets
91.2%
% Correct
Pokémon
90.2%
Mac vs. PC
88.7%
LEGO
86.1%
Transformers
85.8%
Alien vs. Predator
84.4%
Dungeons and Dragons
83.8%
Doctor Who
79.4%
Jack Daniels
75.2%
Game of Thrones
59.3%
Harry Potter
51.4%
Remove Ads.
Support Sporcle.
Get the best of Sporcle when you Go Orange. This ad-free experience offers more features, more stats, and more fun while also helping to support Sporcle. Thank you for becoming a member.

You're not logged in!

Compare scores with friends on all Sporcle quizzes.
OR
Log In

Sporcle TV

Today on Sporcle TV


Watch our educational content, quiz creation guides, and fun videos on Sporcle TV.

Show Comments

Extras

Top Quizzes Today


Score Distribution

Paid Content

Your Account Isn't Verified!

In order to create a playlist on Sporcle, you need to verify the email address you used during registration. Go to your Sporcle Settings to finish the process.

Report this User

Report this user for behavior that violates our Community Guidelines.

Details: